00410nam a2200157Ia 4500003000400000005001700004008004100021020001700062040000900079082002000088100001600108245006800124260003700192300000900229650001400238OSt20201222150740.0190216s9999||||xx |||||||||||||| ||und|| a978819063793 coclc a894.8128bMAN/D aManoj, M B  0aDesham Dheshi Marga Sahithyamenna Upadana Samagri /cM B Manoj  bPapyrus Books,c2011.aKottayam: a186p aMalayalam